| 000 | 00782cam a2200265 a 4500 | ||
|---|---|---|---|
| 001 | 187858 | ||
| 003 | OSt | ||
| 005 | 20180921 | ||
| 008 | 0000001996 dr ADN 0000000000spa00 | ||
| 100 | _aMejía del Rosario, Darío | ||
| 245 |
_aControl de malezas en pastos : campo limpio, ganado sano _cDarío Mejía del Rosario |
||
| 260 |
_a[s. l.] : _b[s. n. |
||
| 300 | _a53 p. | ||
| 650 |
_aControl de malezas _aPastos |
||
| 040 |
_aDLC _cDLC |
||
| 942 |
_2ddc _cBK |
||
| 999 |
_c187858 _d18785800 |
||